Регионална библиотека "Любен Каравелов" - Русе

L`Еneide (Запис номер 391282)

MARC детайли
000 -Лидер
Контролно поле с фиксирана дължина nam a22 a 4500
003 - Код на организацията, давaща контролен номер
Контролно поле BLK
005 - Дата и час на последна редакция
Контролно поле 20201105094529.0
008 - Елементи от данни с фиксирана дължина
fixed length control field 180408b bul|||||r ||||||| ||bul||
010 ## - Наследен системен номер
LC control number KNG00057442000
040 ## - Източник на каталожния запис
Идентификатор на билиотеката - собственик на записа BLK
041 ## - Код за език
Код за езика на текст/звукозапис или на отделно заглавие Френски
Код за езика КДБФ Френски
080 ## - УДК
Текстов определител УДК Латинска (римска) литература
УДК код - определител по УДК 821.124
УДК определител -1
УДК - код + определител 821.124-1
100 1# - Редна дума - Автор
Автор Virgile
Авторска отговорност първи автор
R(LIN) 27375
139 ## - Редно поле
Редна дума Virgile
Авторски знак Vir - V 74
245 10 - Сведения за заглавието
Заглавие L`Еneide
Подзаглавни данни T. 2
Редно поле (дума) Virgilet.
257 ## - Страна на издаване
Страна на създаване/издаване Франция
260 ## - Област на издателските данни
Име на издателя, разпространителя и проч. Libr. de la Bibliotheque Nationale
Година на издаване 1884
9 (RLIN) 217674
Място на издаване, разпространение и проч. Paris
300 ## - Физическа характеристика
Страници 192 c.
Размери/Мащаб 13 cm
380 ## - Жанр
Жанр Худож. лит.
490 ## - СЕРИИ (Колекции)
Име на серия Collection des meilleurs auteurs anciens et modernes
9 (RLIN) 206365
490 ## - СЕРИИ (Колекции)
Име на серия Колекция Редки и ценни издания
9 (RLIN) 435080
500 ## - Общи забележки
Забележка Пълното име на авт. Publius Vergilius Maro
852 ## - Местоположение
Форматна сигнатура Рф 883
Фондова буква Редки и ценни
856 4# - Електронен адрес и достъп
Електронен формат pdf - файл
999 ## - СИСТЕМНИ КОНТРОЛНИ НОМЕРА
Koha biblionumber 391282
Koha biblioitemnumber 391282
942 ## - АРТИКУЛИ
Вид на библиотечния материал Книги
Скрит в OPAC Не
Периодичен библиозапис Да
944 ## - СЪЗДАВАНЕ И РЕДАКЦИЯ на ЗАПИСА
Създаване/Редакция Създаване
Дата на регистрацията/редакция 2020-11-05
Служител, извършил регистрацията/редакцията Ренета Константинова
999 ## - СИСТЕМНИ КОНТРОЛНИ НОМЕРА
Koha biblioitemnumber 391281
Наличности
Код за отписване Код за изгубен артикул Източник на класификационната схема Код за повреда Коз за рестрикции Код за отдаване Артикулен № Име на библиотеката - собственик Име на библиотеката, в която се намира в момента Статус (Текущо местоположение) Дата на вписване в системата Местоположение - отдел Цена в лева Систематично азбучна сигнатура Баркод Цена в евро Служебен тип на артикула
  Не е изгубен Universal Decimal Classification Не е повреден само за читалня Специални фондове ( старопечатни, редки и ценни, фонд М. Арнаудов) 804760 Регионална библиотека "Любен Каравелов" Русе Регионална библиотека "Любен Каравелов" Русе Редки и ценни 2020-11-05 Редки и ценни 14.00 Рф 883 120000849537 7.16 Книги
  Не е изгубен Universal Decimal Classification Не е повреден само за читалня Специални фондове ( старопечатни, редки и ценни, фонд М. Арнаудов) 804761 Регионална библиотека "Любен Каравелов" Русе Регионална библиотека "Любен Каравелов" Русе Редки и ценни 2020-11-05 Редки и ценни 12.00 Рф 883 120000849538 6.14 Книги
Vip Innovations Ltd, Rousse, Bulgaria 2025